| 000 | 00813nam a2200277Ia 4500 | ||
|---|---|---|---|
| 003 | GCL | ||
| 008 | 140319s9999 xx 000 0 ara d | ||
| 040 |
_aGCL / _cGCL |
||
| 082 | 0 | 4 |
_a331.21 _bص ع |
| 100 | 1 | _aماهر نسيم | |
| 245 | 1 | 0 |
_aالعمال والاجور / _cماهر نسيم |
| 700 | 1 | _aصول، جورج | |
| 260 |
_a[S.N] : _bدار المعارف |
||
| 300 | _a239 | ||
| 490 |
_aمكتبة الثقافة الشعبية _v0 |
||
| 650 | 0 | 4 | _aالاقتصاد |
| 650 | 0 | 4 | _aالعمل والعمال |
| 650 | 0 | 4 | _aالقوى العاملة |
| 650 | 0 | 4 | _aالاجور |
| 650 | 0 | 4 | _aالعمال |
| 650 | 0 | 4 | _aالعمال الزراعيون |
| 650 | 0 | 4 | _aالنمو الاقتصادى |
| 650 | 0 | 4 | _aهجرة داخلية |
| 650 | 0 | 4 | _aهجرة خارجية |
| 942 |
_2ddc _cBK |
||
| 999 |
_c31124 _d31124 |
||